| 000 | 00396nam a2200157Ia 4500 | ||
|---|---|---|---|
| 008 | 210716s2005 xx 000 0 und d | ||
| 020 | _a534410200 | ||
| 041 | _aeng | ||
| 082 | _a574.192 GARR | ||
| 100 | _aGarrett, Reginald H;Grisham, Charles M. | ||
| 245 | _aBiochemistry. | ||
| 250 | _a1 | ||
| 260 |
_aSingapore _bThomson _c2005 |
||
| 300 | _axliii,1086,A-40,I-41 | ||
| 650 | _aBiochemistry | ||
| 999 |
_c189018 _d189018 |
||